Statistiques concernant Trouver le pays selon ses frontières

Cliquez ici pour prendre le quiz!

Statistiques générales

  • Ce quiz a été pris 242 fois
  • Le résultat moyen est 10 sur 16

Statistiques - réponses

HintRéponse% Correct
Allemagne - Belgique - FranceLuxembourg
97%
Argentine - Bolivie - Uruguay - Paraguay
Pérou - Suriname - Guyana - Colombie
Vénézuela
Brésil
94%
Biélorussie - Russie - Moldavie - Pologne
Slovaquie - Hongrie - Roumanie
Ukraine
82%
Inde - ChineNépal
76%
Lettonie - Lituanie - Pologne - Russie - UkraineBiélorussie
74%
France - EspagneAndorre
72%
Allemagne - Hongrie - Italie - Liechtenstein
Slovaquie - Slovénie - Suisse - République Tchèque
Autriche
70%
Arménie - Azerbaïdjan - Bulgarie - Géorgie
Grêce - Iran - Irak - Syrie
Turquie
68%
République Démocratique du Congo
Tanzanie - Ouganda - Burundi
Rwanda
59%
Maroc - Mali - Niger - Mauritanie - Libye - TunisieAlgérie
58%
Andorre - Belgique - Allemagne - Espagne - Monaco
Italie - Suisse - Luxembourg
France
55%
Chine - Thaïlande - Inde - Laos - BangladeshBirmanie
54%
Burkina Faso - Niger - Nigeria - TogoBénin
53%
SénégalGambie
49%
Italie - Hongrie - Autriche - CroatieSlovénie
47%
Angola - Botswana - Malawi - Mozambique - Namibie
République Démocratique du Congo - Tanzanie - Zimbabwe
Zambie
40%

Distribution des résultats

Percentile par nombre de réponses

% des personnes avec chaque résultat

Votre développement - résultats

Vous n’avez pas pris ce quiz